Praktičeskaja grammatika russkogo jazyka : učebnik dlja studentov-inostrancev inženernogo profilja /

Uložené v:
Podrobná bibliografia
Hlavní autori: Višnjakova, Tat´jana Aleksandrovna (Author), Badrijeva, Ljudmila Stepanovna (Author), Sdobnova, Julija Aleksandrovna (Author)
Médium: Kniha
Jazyk:Russian
Vydané: Moskva : Russkij jazyk, 1982.
Vydanie:2. pererab. i dopoln. izd.
ISBN: (brož.)
Fyzický popis: 282 s.
Tagy: Pridať tag
Žiadne tagy, Buďte prvý kto otaguje tento záznam!

MARC

LEADER 00000nam a2200000 a 4500
001 000144708
005 20091130222010.0
008 830505s1982 ru rus d
020 |a (brož.) 
040 |a SVKKK  |b slo  |c SVKKK  |e AACR2 
041 0 |a rus 
044 |a ru  |c RU 
100 1 |a Višnjakova, Tat´jana Aleksandrovna  |4 aut 
245 1 0 |a Praktičeskaja grammatika russkogo jazyka :  |b učebnik dlja studentov-inostrancev inženernogo profilja /  |c Tat´jana Aleksandrovna Višnjakova, Ljudmila Stepanovna Badrijeva, Julija Aleksandrovna Sdobnova. 
250 |a 2. pererab. i dopoln. izd. 
260 |a Moskva :  |b Russkij jazyk,  |c 1982. 
300 |a 282 s. 
700 1 |a Badrijeva, Ljudmila Stepanovna  |4 aut 
700 1 |a Sdobnova, Julija Aleksandrovna  |4 aut 
910 |a svkkk 
998 |a BK 
090 |g SCKHL  |k Sklad Pribinova 2. posch.  |a II.279380  |j 669779  |i 144708-10  |s Absenčne